[Event "Biel Rapid op 58th"]
[Site "Biel"]
[Date "2025.07.13"]
[Round "6"]
[White "Frey, Fabian"]
[Black "Groux, Mathias"]
[Result "1-0"]
[WhiteElo "2242"]
[BlackElo "1638"]
[PlyCount "65"]
[EventDate "2025.07.13"]
[EventType "swiss (rapid)"]
[EventRounds "9"]
[EventCountry "SUI"]
[SourceTitle "CB29_2025"]
[SourceDate "2025.07.16"]
[SourceVersion "1"]
[SourceVersionDate "2025.07.16"]
[SourceQuality "1"]

1. e4 d5 2. exd5 Nf6 3. Bb5+ Bd7 4. Bc4 c6 5. dxc6 Nxc6 6. Nf3 g6 7. 0-0 Bg7 8. h3 0-0 9. d4 Rc8 10. Be2 Nd5 11. c4 Nb6 12. Nc3 Bf5 13. Be3 Re8 14. Rc1 a6 15. b3 Qc7 16. Nd5 Qd8 17. Nxb6 Qxb6 18. d5 Qa5 19. dxc6 Rxc6 20. Qe1 Qxa2 21. Nd4 Bxd4 22. Bxd4 Re6 23. Be3 Qxb3 24. Qc3 Qa2 25. Bf3 b5 26. cxb5 axb5 27. Ra1 Qc4 28. Qxc4 bxc4 29. Bd5 Rd6 30. Bxc4 Red8 31. Rfc1 Kg7 32. Kh2 f6 33. Ra7 1-0

[Event "Biel Rapid op 58th"]
[Site "Biel"]
[Date "2025.07.13"]
[Round "7"]
[White "Frey, Fabian"]
[Black "Tereshchenko, Eva"]
[Result "1-0"]
[WhiteElo "2242"]
[BlackElo "1809"]
[PlyCount "93"]
[EventDate "2025.07.13"]
[EventType "swiss (rapid)"]
[EventRounds "9"]
[EventCountry "SUI"]
[SourceTitle "CB29_2025"]
[SourceDate "2025.07.16"]
[SourceVersion "1"]
[SourceVersionDate "2025.07.16"]
[SourceQuality "1"]

1. d4 d5 2. c4 dxc4 3. Nf3 Nf6 4. e3 e6 5. Bxc4 a6 6. 0-0 b5 7. Be2 Bb7 8. a4 b4 9. Nbd2 Nbd7 10. Nc4 c5 11. a5 Be7 12. Nfe5 0-0 13. b3 cxd4 14. exd4 Nxe5 15. dxe5 Nd5 16. Bf3 Bg5 17. Nb6 Nxb6 18. Bxb7 Ra7 19. Be4 Nd7 20. Bxg5 Qxg5 21. Qd4 Rc7 22. Qxb4 Qxe5 23. Bd3 Nc5 24. Bc4 Rfc8 25. Rad1 Rb7 26. Qa3 Qb8 27. Rb1 Rb4 28. Rfd1 h6 29. Qa2 Rd8 30. Rxd8+ Qxd8 31. g3 Qd6 32. Qc2 Qc7 33. Ra1 Qe5 34. Rd1 Qc7 35. Ra1 Qe5 36. Rc1 g6 37. h4 h5 38. Kg2 Qb8 39. Rb1 Qc7 40. Bf1 Qxa5 41. Rc1 Nxb3 42. Qc8+ Kh7 43. Rc7 Qd5+ 44. Kg1 Qf5 45. Qf8 Rf4 46. gxf4 Qg4+ 47. Bg2 1-0

[Event "Biel Rapid op 58th"]
[Site "Biel"]
[Date "2025.07.13"]
[Round "5"]
[White "Meo, Quentin"]
[Black "Frey, Fabian"]
[Result "1/2-1/2"]
[WhiteElo "1823"]
[BlackElo "2242"]
[PlyCount "168"]
[EventDate "2025.07.13"]
[EventType "swiss (rapid)"]
[EventRounds "9"]
[EventCountry "SUI"]
[SourceTitle "CB29_2025"]
[SourceDate "2025.07.16"]
[SourceVersion "1"]
[SourceVersionDate "2025.07.16"]
[SourceQuality "1"]

1. d4 Nf6 2. Nc3 d5 3. e4 dxe4 4. Bg5 Bf5 5. Nge2 Nbd7 6. Ng3 Bg6 7. Bc4 h6 8. Bh4 Bh7 9. Bxf6 Nxf6 10. 0-0 e6 11. a3 Be7 12. Re1 0-0 13. Ncxe4 c6 14. c3 a5 15. Nxf6+ Bxf6 16. Nh5 Be7 17. Re3 Kh8 18. Qg4 Bg6 19. Bd3 Bg5 20. Rg3 f5 21. Qf3 f4 22. Bxg6 fxg3 23. Qxg3 Bh4 24. Qe5 Bxf2+ 25. Kh1 Rg8 26. Rf1 Bh4 27. Rf7 Qg5 28. Qxg5 Bxg5 29. Rxb7 Rab8 30. Rc7 Rxb2 31. g3 Rf8 32. Nf4 Bxf4 33. gxf4 Rb3 34. Rxc6 Rxa3 35. Rxe6 Rxc3 36. Ra6 Ra3 37. d5 Ra1+ 38. Kg2 a4 39. d6 a3 40. d7 a2 41. Be8 Re1 42. d8Q Rfxe8 43. Qa5 a1Q 44. Qxa1 Rxa1 45. Rxa1 Re3 46. Ra7 Rb3 47. Rc7 Kh7 48. Rd7 Kg6 49. Rd5 Kf6 50. Ra5 Rc3 51. Rb5 Ra3 52. Rc5 Kg6 53. Rb5 Rd3 54. Ra5 Kf6 55. Rb5 g6 56. Ra5 h5 57. Rg5 Rd2+ 58. Kg3 Rd1 59. Kg2 Rd2+ 60. Kg3 Ra2 61. Rb5 Rc2 62. Ra5 Rc3+ 63. Kg2 Re3 64. Rb5 Kg7 65. Kf2 Rd3 66. Kg2 Kh6 67. Ra5 Rb3 68. Rc5 Rb2+ 69. Kg3 Ra2 70. Rb5 Kg7 71. Rb6 Ra3+ 72. Kg2 h4 73. Rc6 Kf7 74. Rb6 Re3 75. Rc6 Re6 76. Rc5 Kf6 77. Kf3 Ra6 78. Kg2 Ra3 79. Rb5 Rd3 80. Ra5 Ke6 81. Rb5 Kf6 82. Ra5 h3+ 83. Kf2 Rb3 84. Rc5 Ra3 1/2-1/2

[Event "Karlsruhe Grenke op"]
[Site "Karlsruhe"]
[Date "2025.04.18"]
[Round "2"]
[White "Stankovic, Milos"]
[Black "Frey, Fabian"]
[Result "1-0"]
[WhiteElo "2439"]
[BlackElo "2212"]
[PlyCount "81"]
[EventDate "2025.04.17"]
[EventType "swiss"]
[EventRounds "9"]
[EventCountry "GER"]
[SourceTitle "CB17_2025"]
[SourceDate "2025.04.23"]
[SourceVersion "1"]
[SourceVersionDate "2025.04.23"]
[SourceQuality "1"]

1. e4 c5 2. Nf3 d6 3. d4 cxd4 4. Nxd4 Nf6 5. Nc3 a6 6. Qf3 g6 7. h3 Bg7 8. Be3 0-0 9. 0-0-0 Bd7 10. Nd5 Nc6 11. Nxc6 bxc6 12. Bb6 cxd5 13. Bxd8 dxe4 14. Qe3 Rfxd8 15. f3 exf3 16. Qxf3 d5 17. Bd3 e5 18. Qe3 Re8 19. Rhf1 a5 20. Rf2 Be6 21. Bb5 Rec8 22. Rfd2 a4 23. a3 h5 24. Kb1 Kh7 25. g4 hxg4 26. hxg4 Nxg4 27. Qg3 Nf6 28. Rf1 Kg8 29. Qh4 Nh5 30. Qe7 e4 31. Rdf2 Rcb8 32. Rxf7 Bxf7 33. Qxf7+ Kh7 34. Qxd5 e3 35. Rh1 Kh6 36. Qd3 Bd4 37. Rg1 Rb6 38. Qxd4 Rxb5 39. Qxe3+ Kh7 40. Rxg6 Rab8 41. Qh6# 1-0

[Event "SUI-chT"]
[Site "Switzerland"]
[Date "2024.08.25"]
[Round "7.4"]
[White "Burri, Quentin"]
[Black "Frey, Fabian"]
[Result "1-0"]
[WhiteElo "2402"]
[BlackElo "2237"]
[PlyCount "67"]
[EventDate "2024.03.10"]
[EventType "team-tourn"]
[EventRounds "9"]
[EventCountry "SUI"]
[SourceTitle "EXT 2025"]
[Source "ChessBase"]
[SourceDate "2024.10.14"]
[SourceVersion "1"]
[SourceVersionDate "2024.10.14"]
[SourceQuality "1"]
[WhiteTeam "Geneve"]
[BlackTeam "Wollishofen"]
[WhiteTeamCountry "SUI"]
[BlackTeamCountry "SUI"]

1. e4 e5 2. Nf3 Nc6 3. Bb5 Nge7 4. Nc3 Ng6 5. d4 exd4 6. Nxd4 Nxd4 7. Qxd4 c6 8. Be2 Qb6 9. Qd1 Be7 10. 0-0 0-0 11. a3 d6 12. Be3 Qc7 13. g4 b5 14. f4 a5 15. g5 Ba6 16. Bd3 b4 17. axb4 Bxd3 18. cxd3 axb4 19. Rxa8 Rxa8 20. Ne2 Bf8 21. Ng3 Ra2 22. Qb3 Qa5 23. f5 Nh8 24. Rc1 c5 25. d4 Qa7 26. dxc5 dxc5 27. Rc2 Ra1+ 28. Kg2 Qa2 29. Qd3 f6 30. b3 Qa7 31. Bxc5 Bxc5 32. Qd5+ Qf7 33. Rxc5 Qxd5 34. Rc8+ 1-0

[Event "Biel Rapid op 57th"]
[Site "Biel"]
[Date "2024.07.14"]
[Round "2"]
[White "Frey, Fabian"]
[Black "Rosen, Eric S"]
[Result "0-1"]
[WhiteElo "2184"]
[BlackElo "2374"]
[PlyCount "122"]
[EventDate "2024.07.14"]
[EventType "swiss (rapid)"]
[EventRounds "9"]
[EventCountry "SUI"]
[SourceTitle "EXT 2025"]
[Source "ChessBase"]
[SourceDate "2024.10.14"]
[SourceVersion "1"]
[SourceVersionDate "2024.10.14"]
[SourceQuality "1"]

1. e4 c5 2. Nf3 Nc6 3. Bb5 Nf6 4. Nc3 Nd4 5. e5 Nxb5 6. Nxb5 Nd5 7. Ng5 a6 8. Qf3 f6 9. Qxd5 fxg5 10. Nc3 e6 11. Qf3 Be7 12. d3 Qc7 13. Qe2 0-0 14. 0-0 b5 15. f4 Bb7 16. Ne4 c4 17. Bd2 gxf4 18. Bxf4 Rf5 19. Bg3 Raf8 20. Rfe1 Rc8 21. Nd6 Bxd6 22. exd6 Qc5+ 23. Kh1 cxd3 24. cxd3 Qc2 25. Rad1 Qc6 26. d4 Rcf8 27. Rg1 Qd5 28. a3 R8f6 29. h3 Rg6 30. Rd3 Rfg5 31. Kh2 h5 32. h4 Rg4 33. Qf2 Qe4 34. Qf3 Rxh4+ 35. Bxh4 Qxh4+ 36. Qh3 Qf4+ 37. Kh1 Rg4 38. Qh2 Qe4 39. Rg3 Rf4 40. Rh3 g6 41. Qg3 Kh7 42. Qg5 Bc6 43. Kh2 Qxd4 44. Qe7+ Kh6 45. b4 Qe5 46. Kh1 Qf5 47. Kh2 Rf2 48. Qd8 Qe5+ 49. Kh1 Qb2 50. Rh2 Qd4 51. Qe7 Rf5 52. Qd8 Rf7 53. Qc7 Qc3 54. Qb6 Qxa3 55. Qd4 Rf8 56. Rh4 Qg3 57. Qd2+ Kh7 58. Rh2 Qe5 59. Re1 Qg3 60. Rg1 Rf2 61. Qd1 Rf4 0-1

[Event "Biel Rapid op 57th"]
[Site "Biel"]
[Date "2024.07.14"]
[Round "9"]
[White "Schlegel, Igor"]
[Black "Frey, Fabian"]
[Result "0-1"]
[WhiteElo "2233"]
[BlackElo "2184"]
[PlyCount "74"]
[EventDate "2024.07.14"]
[EventType "swiss (rapid)"]
[EventRounds "9"]
[EventCountry "SUI"]
[SourceTitle "EXT 2025"]
[Source "ChessBase"]
[SourceDate "2024.10.14"]
[SourceVersion "1"]
[SourceVersionDate "2024.10.14"]
[SourceQuality "1"]

1. b3 d5 2. Bb2 Bf5 3. e3 e6 4. c4 Nf6 5. Nf3 h6 6. Nc3 c6 7. Be2 Nbd7 8. 0-0 Be7 9. Rc1 0-0 10. h3 Re8 11. d3 Bg6 12. Nh4 Bh7 13. f4 a5 14. Nf3 Nc5 15. Kh1 dxc4 16. dxc4 Nd3 17. Bxd3 Qxd3 18. Qe1 Qd7 19. Ne5 Qc7 20. Qg3 Rad8 21. Rf2 Rd6 22. e4 Red8 23. Re1 Rd2 24. Nd5 exd5 25. Rxd2 Bxe4 26. Ng4 Nxg4 27. Qxg4 Bf8 28. Bf6 Re8 29. Be5 Qe7 30. Kh2 f6 31. Bc3 f5 32. Qg6 Qd7 33. cxd5 cxd5 34. Rxd5 Qc8 35. Bb2 Re6 36. Rd8 Rxg6 37. Rxc8 Rxg2+ 0-1

[Event "Basel Christmas op"]
[Site "Basel"]
[Date "2023.12.29"]
[Round "7"]
[White "Frey, Fabian"]
[Black "Kishore, Kumar Jaganathan"]
[Result "1-0"]
[WhiteElo "2233"]
[BlackElo "2096"]
[PlyCount "67"]
[EventDate "2023.12.26"]
[EventType "swiss"]
[EventRounds "9"]
[EventCountry "SUI"]
[SourceTitle "CBM 218 Extra"]
[Source "ChessBase"]
[SourceDate "2024.03.31"]
[SourceVersion "1"]
[SourceVersionDate "2024.03.31"]
[SourceQuality "1"]

1. c4 Nf6 2. Nf3 g6 3. Nc3 d5 4. cxd5 Nxd5 5. h4 h5 6. e4 Nxc3 7. bxc3 Bg7 8. Ba3 0-0 9. Ng5 Nd7 10. Be2 c5 11. 0-0 Qa5 12. Qb3 b5 13. d4 Rb8 14. Rad1 b4 15. cxb4 cxb4 16. Bc1 Ba6 17. Bxa6 Qxa6 18. Be3 Qb7 19. Rc1 a5 20. Bf4 e5 21. dxe5 Bxe5 22. Bxe5 Nxe5 23. Rc5 Ng4 24. Rfc1 Qa7 25. e5 a4 26. Qc4 Kg7 27. e6 b3 28. axb3 axb3 29. exf7 b2 30. Rb1 Kh6 31. Qe4 Kg7 32. Ne6+ Kh6 33. Rxh5+ gxh5 34. Qf5 1-0

[Event "Wch U20 Blitz"]
[Site "Pula"]
[Date "2023.10.15"]
[Round "7"]
[White "Frey, Fabian"]
[Black "Lumachi, Gabriele"]
[Result "1-0"]
[WhiteElo "2246"]
[BlackElo "2399"]
[PlyCount "191"]
[EventDate "2023.10.14"]
[EventType "swiss (blitz)"]
[EventRounds "11"]
[EventCountry "ITA"]
[SourceTitle "CBM 216 Extra"]
[Source "ChessBase"]
[SourceDate "2023.11.30"]
[SourceVersion "1"]
[SourceVersionDate "2023.11.30"]
[SourceQuality "1"]

1. e4 e5 2. Nf3 Nc6 3. Bb5 a6 4. Ba4 d6 5. c4 Bd7 6. Nc3 Nf6 7. d4 exd4 8. Nxd4 Be7 9. 0-0 0-0 10. Nxc6 Bxc6 11. Bxc6 bxc6 12. b3 Nd7 13. Be3 Bf6 14. Rc1 Re8 15. Qd3 Ne5 16. Qe2 c5 17. Nd5 Nc6 18. Nxf6+ Qxf6 19. f3 a5 20. Qd1 h6 21. Qd5 Nb4 22. Qd2 a4 23. a3 Nc6 24. b4 cxb4 25. axb4 a3 26. b5 Ne5 27. Bd4 Ra4 28. f4 Qe6 29. fxe5 dxe5 30. Qc2 Rea8 31. Ba1 a2 32. h3 f6 33. Kh2 Kh7 34. Rf2 Ra3 35. Qd2 R8a4 36. Qe2 Rb3 37. Rc2 Rb1 38. Rxa2 Rxa1 39. Rxa1 Rxa1 40. c5 Rc1 41. Qe3 Rc4 42. b6 Qc6 43. Rb2 cxb6 44. cxb6 Qb7 45. Qa3 Rc8 46. Qa7 Rb8 47. Qxb7 Rxb7 48. g4 Kg6 49. Kg3 Kf7 50. h4 g6 51. Kf3 Ke6 52. Rb3 Kd6 53. g5 fxg5 54. hxg5 h5 55. Rb5 Ke6 56. Kg3 Kd6 57. Kf3 Kc6 58. Rxe5 Rxb6 59. Re6+ Kc5 60. Re8 Rb1 61. Rd8 Rf1+ 62. Ke3 Rg1 63. Kf4 Rg4+ 64. Ke5 Rxg5+ 65. Kf6 Rg1 66. e5 h4 67. e6 h3 68. Rh8 Kd6 69. Rd8+ Kc7 70. Rh8 Kd6 71. Rd8+ Kc7 72. e7 Rf1+ 73. Kxg6 h2 74. e8Q Rg1+ 75. Kf7 Rf1+ 76. Kg7 Rg1+ 77. Kf7 Rf1+ 78. Kg6 Rg1+ 79. Kf6 Rf1+ 80. Kg5 Rg1+ 81. Kf5 Rf1+ 82. Kg5 Rg1+ 83. Kf4 h1Q 84. Qd7+ Kb6 85. Rb8+ Kc5 86. Rc8+ Kb6 87. Qc7+ Ka6 88. Qc4+ Kb7 89. Rc7+ Kb8 90. Rc8+ Kb7 91. Qc7+ Ka6 92. Qd6+ Kb5 93. Rb8+ Kc4 94. Rb4+ Kc3 95. Qd4+ Kc2 96. Rb2+ 1-0

[Event "Wch U20 Blitz"]
[Site "Pula"]
[Date "2023.10.15"]
[Round "8"]
[White "Peyrer, Konstantin"]
[Black "Frey, Fabian"]
[Result "1-0"]
[WhiteElo "2442"]
[BlackElo "2246"]
[PlyCount "91"]
[EventDate "2023.10.14"]
[EventType "swiss (blitz)"]
[EventRounds "11"]
[EventCountry "ITA"]
[SourceTitle "CBM 216 Extra"]
[Source "ChessBase"]
[SourceDate "2023.11.30"]
[SourceVersion "1"]
[SourceVersionDate "2023.11.30"]
[SourceQuality "1"]

1. Nf3 d5 2. g3 c6 3. Bg2 Bg4 4. 0-0 Nd7 5. d3 Ngf6 6. c4 e6 7. cxd5 exd5 8. b3 Bc5 9. Bb2 0-0 10. Nbd2 Re8 11. e3 h6 12. Qc2 a5 13. Nh4 Qb6 14. h3 Bh5 15. g4 Bg6 16. Nxg6 fxg6 17. Nf3 g5 18. a3 Re7 19. Nd4 Bxd4 20. Bxd4 Qc7 21. b4 Ne5 22. b5 Rc8 23. Rac1 Ree8 24. bxc6 bxc6 25. f4 gxf4 26. exf4 Ng6 27. Qf2 Qd7 28. Qg3 Kh7 29. f5 Nf8 30. h4 Qc7 31. Qxc7 Rxc7 32. g5 N6d7 33. Bxd5 c5 34. Bb2 Ne5 35. Be4 Kh8 36. f6 gxf6 37. Rxf6 hxg5 38. Rf5 Rce7 39. Rxc5 Nfd7 40. Rc7 Kg7 41. Bxe5+ Nxe5 42. Rxe5 Rxc7 43. Rxe8 gxh4 44. Re5 a4 45. Ra5 Rc1+ 46. Kg2 1-0

[Event "Wch U20 Blitz"]
[Site "Pula"]
[Date "2023.10.14"]
[Round "2"]
[White "Frey, Fabian"]
[Black "Bettalli, Francesco"]
[Result "1-0"]
[WhiteElo "2246"]
[BlackElo "2274"]
[PlyCount "85"]
[EventDate "2023.10.14"]
[EventType "swiss (blitz)"]
[EventRounds "11"]
[EventCountry "ITA"]
[SourceTitle "CBM 216 Extra"]
[Source "ChessBase"]
[SourceDate "2023.11.30"]
[SourceVersion "1"]
[SourceVersionDate "2023.11.30"]
[SourceQuality "1"]

1. e4 e5 2. Nf3 Nf6 3. Nxe5 Nc6 4. Nxc6 dxc6 5. d3 Bc5 6. Be2 h5 7. c3 Ng4 8. d4 Qh4 9. g3 Qf6 10. Bf4 Bb6 11. h3 g5 12. e5 Qg6 13. Bd2 Nh6 14. Na3 Be6 15. Qc2 Bf5 16. Qb3 0-0-0 17. 0-0-0 Rhe8 18. Bf3 Be6 19. Nc4 Nf5 20. Nxb6+ cxb6 21. Qc2 Qg8 22. Kb1 f6 23. b3 fxe5 24. dxe5 Ne7 25. Be4 Rf8 26. f4 gxf4 27. Bxf4 Nd5 28. Bxd5 cxd5 29. Kb2 h4 30. Rhg1 hxg3 31. Rxg3 Qh8 32. Qd2 Qh4 33. Rf1 Qxg3 34. Bxg3 Rxf1 35. Bf2 Rf8 36. Bd4 Bf5 37. Qh6 Bd7 38. e6 Bc6 39. e7 Re8 40. Qe6+ Kb8 41. Qd6+ Kc8 42. Be5 Rf2+ 43. Ka3 1-0

[Event "Wch U20 Rapid"]
[Site "Pula"]
[Date "2023.10.10"]
[Round "1"]
[White "Sahidi, Samir"]
[Black "Frey, Fabian"]
[Result "1-0"]
[WhiteElo "2476"]
[BlackElo "2246"]
[PlyCount "91"]
[EventDate "2023.10.10"]
[EventType "swiss (rapid)"]
[EventRounds "11"]
[EventCountry "ITA"]
[SourceTitle "CBM 216 Extra"]
[Source "ChessBase"]
[SourceDate "2023.11.30"]
[SourceVersion "1"]
[SourceVersionDate "2023.11.30"]
[SourceQuality "1"]

1. e4 c5 2. Nf3 d6 3. g3 Nc6 4. Bg2 Nf6 5. d3 g6 6. 0-0 Bg7 7. Re1 0-0 8. Nbd2 Rb8 9. c3 e5 10. d4 cxd4 11. cxd4 exd4 12. Nb3 Bg4 13. Nbxd4 Nxd4 14. Qxd4 Re8 15. Qd3 Nd7 16. h3 Nc5 17. Qc2 Bxf3 18. Bxf3 Rc8 19. Qd1 Qe7 20. Rb1 f5 21. Bf4 Nxe4 22. Qd5+ Qf7 23. Qa5 b6 24. Qa3 d5 25. h4 Bd4 26. Re2 Rc6 27. Qa4 Rc4 28. Qd1 Rec8 29. Qd3 Nc5 30. Qd1 Ne4 31. Kg2 Kh8 32. b3 Nc3 33. Qd3 Nxe2 34. Bxe2 Qb7 35. bxc4 dxc4+ 36. Qf3 Qxf3+ 37. Kxf3 c3 38. Bd3 a5 39. Bc2 Rc5 40. Rxb6 Rc8 41. Rb5 Re8 42. Rxa5 Re1 43. Bh6 Re8 44. Rd5 Bf6 45. a4 Rb8 46. Rb5 1-0

[Event "SUI-chT"]
[Site "Switzerland"]
[Date "2023.08.26"]
[Round "6.7"]
[White "Georgescu, Lena"]
[Black "Frey, Fabian"]
[Result "1-0"]
[WhiteElo "2285"]
[BlackElo "2207"]
[PlyCount "87"]
[EventDate "2023.04.16"]
[EventType "team-tourn"]
[EventRounds "9"]
[EventCountry "SUI"]
[SourceTitle "EXT 2024"]
[Source "ChessBase"]
[SourceDate "2023.10.10"]
[SourceVersion "1"]
[SourceVersionDate "2023.10.10"]
[SourceQuality "1"]
[WhiteTeam "Winterthur"]
[BlackTeam "Wollishofen"]
[WhiteTeamCountry "SUI"]
[BlackTeamCountry "SUI"]

1. e4 c5 2. Nf3 d6 3. d4 cxd4 4. Nxd4 Nf6 5. Nc3 a6 6. Bg5 Nbd7 7. Bc4 Qb6 8. Bb3 e6 9. Bxf6 Nxf6 10. Qd2 Nd7 11. 0-0-0 Nc5 12. f4 Bd7 13. Kb1 0-0-0 14. f5 g6 15. Qg5 Bg7 16. f6 Bf8 17. g4 Kb8 18. Qd2 h6 19. h4 e5 20. Nde2 Nxb3 21. axb3 Bxg4 22. Rhg1 h5 23. Qe1 Bh6 24. Rg3 Rd7 25. Nd5 Qd8 26. b4 g5 27. b5 gxh4 28. Ra3 axb5 29. Qf2 b6 30. Nxb6 Bxe2 31. Nxd7+ Qxd7 32. Qxe2 Rc8 33. Rd5 Rc5 34. Rb3 h3 35. Qxh5 Bf4 36. Rxh3 Rxd5 37. exd5 Qa7 38. Qg4 Qf2 39. Rh1 e4 40. Qd7 Bh2 41. Qxf7 e3 42. Qg8+ Kb7 43. Qh7+ Ka6 44. Qxh2 1-0

[Event "SUI-ch Rapid"]
[Site "Biel"]
[Date "2023.07.30"]
[Round "7"]
[White "Frey, Fabian"]
[Black "Hochstrasser, Michael"]
[Result "1/2-1/2"]
[WhiteElo "2230"]
[BlackElo "2329"]
[PlyCount "42"]
[EventDate "2023.07.30"]
[EventType "swiss (rapid)"]
[EventRounds "9"]
[EventCountry "SUI"]
[SourceTitle "CBM 215 Extra"]
[Source "ChessBase"]
[SourceDate "2023.09.30"]
[SourceVersion "1"]
[SourceVersionDate "2023.09.30"]
[SourceQuality "1"]

1. e4 e6 2. d4 d5 3. Nc3 Bb4 4. e5 c5 5. a3 Bxc3+ 6. bxc3 Ne7 7. Qg4 0-0 8. Bd3 Nbc6 9. a4 f5 10. exf6 Rxf6 11. Bg5 Rf7 12. Qh5 h6 13. Nf3 Qf8 14. 0-0 c4 15. Bxe7 Qxe7 16. Bg6 Rf6 17. Be8 Rf5 18. Qg6 Rf6 19. Qh5 Rf5 20. Qg6 Rf6 21. Qh5 Rf5 1/2-1/2

[Event "SUI-ch Rapid"]
[Site "Biel"]
[Date "2023.07.30"]
[Round "3"]
[White "Sutter, Oliver"]
[Black "Frey, Fabian"]
[Result "1/2-1/2"]
[WhiteElo "2313"]
[BlackElo "2230"]
[PlyCount "87"]
[EventDate "2023.07.30"]
[EventType "swiss (rapid)"]
[EventRounds "9"]
[EventCountry "SUI"]
[SourceTitle "CBM 215 Extra"]
[Source "ChessBase"]
[SourceDate "2023.09.30"]
[SourceVersion "1"]
[SourceVersionDate "2023.09.30"]
[SourceQuality "1"]

1. Nf3 d5 2. g3 c6 3. Bg2 Bg4 4. c4 e6 5. Ne5 Bf5 6. 0-0 Nd7 7. Nxd7 Qxd7 8. cxd5 exd5 9. d3 Nf6 10. Nc3 d4 11. Ne4 Nxe4 12. dxe4 Be6 13. Qd3 Bc5 14. f4 f6 15. b3 0-0 16. Bb2 Rfd8 17. Rac1 Bb6 18. Rfd1 c5 19. Kh1 a6 20. Ba3 Rac8 21. Rd2 Qb5 22. Rdc2 Qa5 23. b4 cxb4 24. Rxc8 Qxa3 25. R8c2 Qxd3 26. exd3 Kf7 27. e5 fxe5 28. Bxb7 exf4 29. Bxa6 Bd5+ 30. Kg1 fxg3 31. hxg3 Ra8 32. Bc4 Bxc4 33. Rxc4 Rxa2 34. Rxb4 Bd8 35. Rc6 Bf6 36. Rb3 h6 37. Rc1 Kg6 38. Rf1 Re2 39. Rf2 Re3 40. Kg2 Kg5 41. Rb5+ Kg6 42. Rf3 Re2+ 43. Rf2 Re3 44. Rf3 1/2-1/2

[Event "Biel HTO 56th"]
[Site "Biel"]
[Date "2023.07.26"]
[Round "9"]
[White "Frey, Fabian"]
[Black "Ehsani, Yassamin L"]
[Result "1/2-1/2"]
[WhiteElo "2230"]
[BlackElo "2106"]
[PlyCount "129"]
[EventDate "2023.07.17"]
[EventType "swiss"]
[EventRounds "10"]
[EventCountry "SUI"]
[SourceTitle "CBM 215 Extra"]
[Source "ChessBase"]
[SourceDate "2023.09.30"]
[SourceVersion "1"]
[SourceVersionDate "2023.09.30"]
[SourceQuality "1"]

1. e4 e6 2. d4 d5 3. Nc3 Bb4 4. e5 c5 5. a3 Bxc3+ 6. bxc3 Nc6 7. Qg4 g6 8. h4 h6 9. h5 g5 10. f4 f5 11. Qg3 g4 12. dxc5 Qa5 13. Rb1 Nge7 14. Rb5 Qc7 15. Be3 Bd7 16. Bd3 Na5 17. Rb1 Rb8 18. Ne2 b6 19. cxb6 axb6 20. 0-0 0-0 21. Qf2 Nc8 22. Rb4 Nc6 23. Rb2 Qa7 24. Ra1 Qa5 25. a4 N6a7 26. c4 dxc4 27. Bxc4 b5 28. Rab1 Rf7 29. Nd4 bxc4 30. Rxb8 Qxa4 31. Nxf5 Rxf5 32. Bxa7 Rxh5 33. Qc5 Kf7 34. R8b7 Kg6 35. Qf8 Rf5 36. Qg8+ Kh5 37. Bf2 Qxc2 38. Rxd7 Qxb1+ 39. Kh2 Rxf4 40. Be3 Rf1 41. Qe8+ Qg6 42. Qxg6+ Kxg6 43. Rc7 Rf8 44. Rxc4 h5 45. Bc5 Rf1 46. Kg3 Kf5 47. Bd4 Ne7 48. Rc7 Rd1 49. Rxe7 Rxd4 50. Rh7 Rd3+ 51. Kh2 Kxe5 52. Rxh5+ Kf4 53. Rh8 e5 54. Rf8+ Ke3 55. Kg3 Rd2 56. Rg8 e4 57. Rxg4 Kd3 58. Rg8 e3 59. Rd8+ Ke2 60. Re8 Rd7 61. Kf4 Kf2 62. g4 e2 63. g5 e1Q 64. Rxe1 Kxe1 65. g6 1/2-1/2

[Event "Biel HTO 56th"]
[Site "Biel"]
[Date "2023.07.21"]
[Round "5"]
[White "Frey, Fabian"]
[Black "Morawietz, Dieter"]
[Result "1-0"]
[WhiteElo "2230"]
[BlackElo "2396"]
[PlyCount "39"]
[EventDate "2023.07.17"]
[EventType "swiss"]
[EventRounds "10"]
[EventCountry "SUI"]
[SourceTitle "CBM 215 Extra"]
[Source "ChessBase"]
[SourceDate "2023.09.30"]
[SourceVersion "1"]
[SourceVersionDate "2023.09.30"]
[SourceQuality "1"]

1. e4 c5 2. Nf3 e6 3. d4 cxd4 4. Nxd4 Nf6 5. Nc3 d6 6. g4 e5 7. Nf5 Nc6 8. Bg5 h6 9. Bxf6 Qxf6 10. Nd5 Qd8 11. c3 g6 12. Nfe3 Be6 13. Bc4 Be7 14. Qf3 Bg5 15. 0-0-0 Rc8 16. Kb1 h5 17. gxh5 Rxh5 18. Nf5 Kf8 19. Nde3 Qf6 20. Ng4 1-0

[Event "Bern op"]
[Site "Bern"]
[Date "2023.05.20"]
[Round "6"]
[White "Joie, Sebastien"]
[Black "Frey, Fabian"]
[Result "1-0"]
[WhiteElo "2353"]
[BlackElo "2217"]
[PlyCount "59"]
[EventDate "2023.05.18"]
[EventType "swiss"]
[EventRounds "7"]
[EventCountry "SUI"]
[SourceTitle "CBM 214 Extra"]
[Source "ChessBase"]
[SourceDate "2023.07.31"]
[SourceVersion "1"]
[SourceVersionDate "2023.07.31"]
[SourceQuality "1"]

1. e4 c5 2. Nc3 d6 3. d4 cxd4 4. Qxd4 Nc6 5. Qd2 g6 6. b3 Bh6 7. f4 Nf6 8. Bb2 0-0 9. 0-0-0 e5 10. g3 Re8 11. Kb1 Nd4 12. Nge2 Bg4 13. Nxd4 exd4 14. Qxd4 Bg7 15. Bg2 Bxd1 16. Nxd1 Nh5 17. Qd3 Qb6 18. Ne3 Rad8 19. Nd5 Qf2 20. Bf3 Bxb2 21. Kxb2 Ng7 22. Nf6+ Kh8 23. Rf1 Qb6 24. Nxe8 Rxe8 25. Rd1 Ne6 26. Qxd6 Qf2 27. Bg4 Rc8 28. Rd2 Qe3 29. Qe5+ Kg8 30. Bxe6 1-0

[Event "Bern op"]
[Site "Bern"]
[Date "2023.05.18"]
[Round "2"]
[White "Pellicoro, Fabian"]
[Black "Frey, Fabian"]
[Result "1/2-1/2"]
[WhiteElo "1931"]
[BlackElo "2217"]
[PlyCount "134"]
[EventDate "2023.05.18"]
[EventType "swiss"]
[EventRounds "7"]
[EventCountry "SUI"]
[SourceTitle "CBM 214 Extra"]
[Source "ChessBase"]
[SourceDate "2023.07.31"]
[SourceVersion "1"]
[SourceVersionDate "2023.07.31"]
[SourceQuality "1"]

1. e4 c5 2. Nf3 d6 3. d4 cxd4 4. Nxd4 Nf6 5. Nc3 a6 6. Bg5 e6 7. f4 Be7 8. Qf3 Qc7 9. 0-0-0 Nbd7 10. g4 h6 11. Bxf6 Bxf6 12. h4 Nb6 13. Be2 Bd7 14. g5 Be7 15. g6 fxg6 16. Qg4 0-0-0 17. Nxe6 Bxe6 18. Qxe6+ Kb8 19. Rh3 g5 20. hxg5 hxg5 21. Rxh8 Rxh8 22. e5 Rd8 23. Ne4 dxe5 24. Rxd8+ Bxd8 25. fxe5 Ka7 26. Nd6 Qc5 27. Qf7 Bc7 28. Bf3 Qxe5 29. Qxc7 Qe3+ 30. Kd1 Qxf3+ 31. Ke1 Qg3+ 32. Kf1 Qh3+ 33. Kf2 Qh2+ 34. Kf1 Qh1+ 35. Kf2 g4 36. c4 Qf3+ 37. Ke1 Qe3+ 38. Kd1 Qd3+ 39. Kc1 Qf1+ 40. Kd2 Qg2+ 41. Ke1 Qg3+ 42. Kd1 Qf3+ 43. Ke1 Qe3+ 44. Kd1 Qd4+ 45. Ke1 Qe5+ 46. Kd1 Qd4+ 47. Ke1 Qg1+ 48. Ke2 Qg2+ 49. Ke1 Qc6 50. Qxc6 bxc6 51. b4 Kb8 52. b5 axb5 53. cxb5 Kc7 54. Ne8+ Kd7 55. Nxg7 cxb5 56. Nf5 Kc6 57. Kf2 Nd7 58. Ke3 Kd5 59. Kf4 Nf6 60. Ne3+ Kd4 61. Nf5+ Kd3 62. Kg5 Ne4+ 63. Kxg4 Nc3 64. a3 Ne4 65. Kf4 Nc3 66. Nd6 Nb1 67. Nxb5 Nxa3 1/2-1/2